| 000 | 00887nam a22002297a 4500 | ||
|---|---|---|---|
| 999 |
_c4273 _d4273 |
||
| 003 | AR-CdUCM | ||
| 008 | 190308b ||||| |||| 00| 0 spa d | ||
| 040 |
_aMUNICIPALIDAD PROVINCIAL DEL CUSCO _cBIBLIOTECA MUNICIPAL DEL CUSCO |
||
| 082 |
_a720.8 / _bG81 |
||
| 100 |
_aGregotti, Vittorio _913511 |
||
| 245 | _aNuevos caminos de la arquitectura Italiana / | ||
| 260 |
_aBarcelona : _bBlume, _c1969. |
||
| 300 |
_a128 páginas ; _bfotografías. _c24 cm. |
||
| 505 | _aLa formación del movimiento moderno -- Arquitectura de la reconstrucción -- Aspiración al realismo -- Contexto profesional, político y productivo -- El escenario contemporáneo... | ||
| 650 |
_aArquitectura. _93356 |
||
| 650 |
_aItalia. _92273 |
||
| 650 |
_aRealismo. _9520 |
||
| 650 |
_aEscuela de arquitectura. _913512 |
||
| 650 |
_aMovimiento moderno. _913513 |
||
| 942 |
_2ddc _cLIBROS |
||
| 945 |
_awfj _d2019-03-08 |
||